| 000 | 00681cam a22002411 4500 | ||
|---|---|---|---|
| 001 | g 01002771 | ||
| 003 | DLC | ||
| 005 | 20260227111258.0 | ||
| 008 | 940630s1888 sz 000 0 ger | ||
| 010 | _ag 01002771 | ||
| 035 | _a(OCoLC)30690308 | ||
| 040 |
_aDLC _cMeB _dDLC |
||
| 042 | _apremarc | ||
| 050 | 0 | 0 |
_aPQ1553.C3 _bS4 |
| 100 | 1 |
_aSchmidt, J. Ulrich, _d1860- |
|
| 245 | 1 | 0 | _aSyntaktische Studien über die Cent nouvelles nouvelles. |
| 260 |
_aFrauenfeld : _bJ. Huber, _c1888. |
||
| 300 |
_a68 p. ; _c23 cm. |
||
| 502 | _aInaug.-diss.--Zürich. | ||
| 500 | _aCurriculum vitae. | ||
| 630 | 0 | 0 | _aCent nouvelles nouvelles |
| 650 | 0 |
_aFrench language _yTo 1300 _xSyntax |
|
| 999 |
_c24052 _d24052 |
||